Lecciones de economía política / (Record no. 134582)

MARC details
000 -LEADER
campo de control de longitud fija 00926nam a22002651 4500
001 - NÚMERO DE CONTROL
campo de control 134582
003 - IDENTIFICADOR DE NÚMERO DE CONTROL
campo de control ES-MaACL
005 - FECHA Y HORA DE LA ÚLTIMA TRANSACCIÓN
campo de control 20240308153407.0
007 - CAMPO FIJO DE DESCRIPCIÓN FÍSICA--INFORMACIÓN GENERAL
campo de control de longitud fija t|
008 - DATOS DE LONGITUD FIJA--INFORMACIÓN GENERAL
campo de control de longitud fija 070912s1947 sp ||||0| spa d
016 7# - NÚMERO DE CONTROL DE UNA AGENCIA BIBLIOGRÁFICA NACIONAL
Número de control cancelado/no válido IND2000944656
040 ## - FUENTE DE CATALOGACIÓN
Centro catalogador/agencia de origen M-BN
Lengua de catalogación spa
Centro/agencia transcriptor CDM
080 ## - NÚMERO DE LA CLASIFICACIÓN DECIMAL UNIVERSAL
Número de la Clasificación Decimal Universal 33.01
100 1# - ENTRADA PRINCIPAL--NOMBRE DE PERSONA
Nombre de persona Wicksell, Knut.
9 (RLIN) 116741
245 10 - MENCIÓN DEL TÍTULO
Título Lecciones de economía política /
Mención de responsabilidad, etc. Knut Wicksell ; traducción del ingles por Francisco Sánchez Ramos ; introducción por Manuel de Torres.
260 ## - PUBLICACIÓN, DISTRIBUCIÓN, ETC.
Lugar de publicación, distribución, etc. Madrid :
Nombre del editor, distribuidor, etc. M. Aguilar,
Fecha de publicación, distribución, etc. 1947.
300 ## - DESCRIPCIÓN FÍSICA
Extensión XXXIX, 473 p. ;
Dimensiones 22 cm.
490 1# - MENCIÓN DE SERIE
Mención de serie Biblioteca de ciencias económicas, políticas y sociales
700 1# - ENTRADA AGREGADA--NOMBRE PERSONAL
Nombre de persona Sánchez Ramos, Francisco.
9 (RLIN) 102868
700 1# - ENTRADA AGREGADA--NOMBRE PERSONAL
Nombre de persona Torres, Manuel de.
9 (RLIN) 110904
830 0# - PUNTO DE ACCESO ADICIONAL DE SERIE-TÍTULO UNIFORME
Título uniforme Biblioteca de ciencias económicas, políticas y sociales
9 (RLIN) 182661
852 ## - LOCALIZACIÓN
Ubicación ES-MaACL
Número de control de estantería F-5223
Sublocalización o colección R.27014
Holdings
Estatus retirado Estado de pérdida Estado de daño No para préstamo Biblioteca de origen Biblioteca actual Ubicación en estantería Fecha de adquisición Fuente de adquisición Total de préstamos Signatura topográfica completa Código de barras Visto por última vez Precio de reemplazo Tipo de ítem Koha
        Biblioteca del Ateneo de Madrid Biblioteca del Ateneo de Madrid Depósito 2 17/01/2008     F-5223 1140082 23/02/2023 23/02/2023 Libro impreso